Ryan Gosling Movies Quiz Stats

 Plays Quiz Updated Jan 2, 2018

Also try: Brad Pitt Movies
Challenge
Share
Tweet
Embed
Score 0/24 Timer 05:00
0 Plays Today
Year Movie % Correct
2004The Notebook
89.2%
2011Drive
83.9%
2016La La Land
83.7%
2011Crazy, Stupid, Love
69.5%
2017Blade Runner 2049
61.8%
2007Lars And The Real Girl
55%
2012The Place Beyond the Pines
49.1%
2016The Nice Guys
48.5%
2011The Ides of March
48.2%
2013Gangster Squad
44.8%
2010Blue Valentine
43.2%
2015The Big Short
41.3%
Year Movie % Correct
2000Remember The Titans
40.1%
2006Half Nelson
35.5%
2013Only God Forgives
30.1%
2002Murder By Numbers
25.6%
2017Song to Song
23.8%
2007Fracture
22.8%
2003The United States of Leland
16.6%
2010All Good Things
15.3%
2001The Believer
15.1%
2005Stay
11.4%
2002The Slaughter Rule
7.6%
1997Frankenstein And Me
5.8%

You're not logged in!

Compare scores with friends on all Sporcle quizzes.
OR
Log In

You Might Also Like...

Show Comments

Extras

Top Quizzes Today


Score Distribution

Your Account Isn't Verified!

In order to create a playlist on Sporcle, you need to verify the email address you used during registration. Go to your Sporcle Settings to finish the process.

Report this User

Report this user for behavior that violates our Community Guidelines.

Details: